Islamic law in the modern world / (Record no. 81555)
[ view plain ]
| 000 -LEADER | |
|---|---|
| fixed length control field | 00820cam8a220025300 4500 |
| 001 - CONTROL NUMBER | |
| control field | lce00000147 |
| 008 - FIXED-LENGTH DATA ELEMENTS--GENERAL INFORMATION | |
| fixed length control field | 750922c19751959ctu b 000 0 eng |
| 010 ## - LIBRARY OF CONGRESS CONTROL NUMBER | |
| LC control number | 75031816 //r89 |
| 020 ## - INTERNATIONAL STANDARD BOOK NUMBER | |
| International Standard Book Number | 0837184517 |
| 035 ## - SYSTEM CONTROL NUMBER | |
| System control number | (Sirsi) r81108 |
| 035 ## - SYSTEM CONTROL NUMBER | |
| System control number | (DLC) 75031816 //r89 |
| 035 ## - SYSTEM CONTROL NUMBER | |
| System control number | (UPRA)lce00000147 |
| 040 ## - CATALOGING SOURCE | |
| Modifying agency | OCoLC |
| -- | UPRA |
| 050 1# - LIBRARY OF CONGRESS CALL NUMBER | |
| Classification number | LAW |
| 082 ## - DEWEY DECIMAL CLASSIFICATION NUMBER | |
| Classification number | 340.5/9 |
| 100 ## - MAIN ENTRY--PERSONAL NAME | |
| Personal name | 1 a8.1..1.18 q8.1..20.25 |
| Titles and words associated with a name | Sir, d8.1..46.5 |
| Linkage | A4635.1 |
| 245 10 - TITLE STATEMENT | |
| Title | Islamic law in the modern world / |
| Statement of responsibility, etc. | J.N.D. Anderson. |
| 260 ## - PUBLICATION, DISTRIBUTION, ETC. | |
| Place of publication, distribution, etc. | Westport, CT : |
| Name of publisher, distributor, etc. | Greenwood Press, |
| Date of publication, distribution, etc. | 1975, c1959. |
| 500 ## - GENERAL NOTE | |
| General note | Reprint of the ed. published by New York University Press, New York. |
| 504 ## - BIBLIOGRAPHY, ETC. NOTE | |
| Bibliography, etc. note | Bibliography: p. 101-106. |
| 650 #0 - SUBJECT ADDED ENTRY--TOPICAL TERM | |
| Topical term or geographic name entry element | Islamic law. |
| Linkage | S29733.1 |
| 949 ## - LOCAL PROCESSING INFORMATION (OCLC) | |
| a | LAW |
| w | lcc |
| i | 33729001457808 |
| m | MAIN |
| p | 2500 |
| t | BOOK |
| l | ON-SHELF |
No items available.